| 000 | 00969nam a22003137a 4500 | ||
|---|---|---|---|
| 001 | BR9102756 | ||
| 003 | BR-BrBNA | ||
| 005 | 20230928093622.0 | ||
| 007 | ta | ||
| 008 | 230509b bl.||||| |||| 00| 0 por d | ||
| 040 |
_aBR-BrBNA _bpor _cBiblioteca Nacional de Agricultura |
||
| 041 | _a(Por) | ||
| 072 |
_aL40 _b5213 |
||
| 090 | _ 5213 BR9102756 | ||
| 100 | 1 | _aSeverino, R.S. | |
| 110 | 1 |
_aUniversidade de Sao Paulo, Sao Paulo (Brasil). Faculdade de Medicina Veterinaria e Zootecnia _0Tese (Doutorado) |
|
| 245 | 1 | _aOcorrencia de pontes de miocardio em bovinos das racas gir, guzera, indubrasil e nelore | |
| 260 | 3 |
_aSao Paulo, SP (Brasil): _c1990. |
|
| 300 | _a97 p. | ||
| 500 | _a22 ref.; Summaries (Eng, Por); 6 illus.; 22 graphs | ||
| 650 | _aGADO GIR | ||
| 650 | _aGADO GUZERA | ||
| 650 | _aGADO NELORE | ||
| 650 | _aGADO INDUBRASIL | ||
| 650 | _aCORACAO | ||
| 650 | _aANATOMIA ANIMAL | ||
| 909 |
_a202309 _bLucia _c55 _dLucia Elande |
||
| 942 | _cBK | ||
| 999 |
_c46048 _d46048 |
||